000 00535nam a2200181 a 4500
001 BRCA_7052
005 20190320205707.0
008 021211s1986----mx-#######---#000-0#esp-#
041 _aspa
_heng
044 _amx
245 1 0 _aLibreta negra con palabras del español al inglés, escritas a mano en pluma. EB Sept. 1986
260 _a[México]
_b[EB]
_c[1986]
300 _a1 v. sin pag.
_c16 cm.
500 _aLibreta de apuntes inventariada por el Banco de México como libro.
500 _aL214
902 _aGFM
942 _2lcc
_cB
999 _c6733
_d6733